| 000 | 00862cam a22002771 4500 | ||
|---|---|---|---|
| 001 | 10447 | ||
| 003 | BD-RjUL | ||
| 005 | 20211208234944.0 | ||
| 008 | 140123s1963 nyua b 001 0 eng | ||
| 035 | _a(BD-RjUL)10495 | ||
| 035 | _a(OCoLC)2116217 | ||
| 040 |
_aDLC _cOClU _dOCoLC _dDLC _dBD-RjUL _beng |
||
| 041 | _aeng | ||
| 082 |
_a660.283 _bKRE 1963 |
||
| 100 | 1 |
_aKramers, H. _932277 |
|
| 245 | 1 | 0 |
_aElements of chemical reactor design and operation, _cH. Kramers and K. R. Westerterp. |
| 260 |
_aNew York : _bAcademic Press, _cc1963. |
||
| 300 |
_axviii, 245 p. : _billus. ; _c23 cm. |
||
| 504 | _aIncludes bibliography and index. | ||
| 650 | 0 |
_aChemical reactors. _932278 |
|
| 700 | 1 |
_aWesterterp, K. R. _ejoint author. _932279 |
|
| 740 | 0 | _aChemical reactor design and operation. | |
| 942 |
_2ddc _cBK |
||
| 999 |
_c10447 _d10447 |
||